Rumores de mar / (Record no. 157572)

MARC details
000 -CABECERA
campo de control de longitud fija 00591nam a2200205 u 4500
005 - FECHA Y HORA DE LA ÚLTIMA TRANSACCIÓN
campo de control 20210223131756.0
008 - ELEMENTOS DE LONGITUD FIJA--INFORMACIÓN GENERAL
campo de control de longitud fija 120626s2000 es r 000 0 spa d
020 ## - NÚMERO INTERNACIONAL NORMALIZADO PARA LIBROS
Número Internacional Estándar del Libro 849312432X
035 ## - NÚMERO DE CONTROL DEL SISTEMA
Número de control de sistema UPN01000185469
049 ## - COLECCIÓN
Colección CG
050 #4 - SIGNATURA TOPOGRÁFICA DE LA BIBLIOTECA DEL CONGRESO
Número de clasificación PN6071 S4
Número de documento/Ítem R8.5
245 00 - MENCIÓN DE TÍTULO
Título Rumores de mar /
Mención de responsabilidad, etc. selec. de Viviana Paletta ; pról. de José María Merino.
260 ## - PUBLICACIÓN, DISTRIBUCIÓN, ETC.
Lugar de publicación, distribución, etc. Madrid :
Nombre del editor, distribuidor, etc. Páginas de Espuma,
Fecha de publicación, distribución, etc. 2000.
300 ## - DESCRIPCIÓN FÍSICA
Extensión 219 p.
440 #0 - MENCIÓN DE SERIE/ASIENTO SECUNDARIO--TÍTULO
Título Narrativa breve ;
Designación de volumen o secuencia 1
650 #4 - ASIENTO SECUNDARIO DE MATERIA - TERMINO TEMATICO
Término de materia o nombre geográfico como elemento de entrada CUENTOS DE MAR
9 (RLIN) 8752
700 1# - ASIENTO SECUNDARIO--NOMBRE DE PERSONAL
Nombre de persona Paletta, Viviana,
Fechas asociadas al nombre 1967-
Término indicativo de función/relación comp.
9 (RLIN) 31789
905 ## - TIPO DE MATERIAL
Tipo de material Libro
Holdings
Estado de retiro Estado de pérdida Fuente del sistema de clasificación o colocación Estado dañado No para préstamo Código de colección Localización permanente Ubicación/localización actual Ubicación en estantería Total de préstamos Clasificación Código de barras Fecha visto por última vez Número de copia Tipo de ítem Koha
    Library of Congress Classification     Colección General Bib. Gregorio Torres Quintero Bib. Gregorio Torres Quintero Planta baja   PN6071 S4 R8.5 283669 31/12/2020 1 Libro